000 00588nam a2200229Ia 4500
005 20250425162034.0
008 250425s9999 xx 000 0 und d
020 _a0139047158
041 _aeng
082 _a620.11
100 _aBUDINSKI, KENNETH G.
245 0 _aENGINEERING MATERIALS: PROPERTIES AND SELECTION
250 _a6TH ED.
260 _aEstados Unidos
_bPRENTICE HALL
_c1999
260 _aUPPER SADDLE RIVER
300 _a719
650 _aMATERIALES
650 _aMATERIALES DE INGENIERIA
700 _aBUDINSKI, MICHAEL K.
942 _c01
010 _a41884
999 _c221118
_d221118